[Event "M.Chigorin Memorial 2017 "]
[Site "?????-?????????"]
[Date "2017.10.27"]
[Round "7"]
[Board "14"]
[White "Kokarev, Dmitry"]
[Black "Oganian, Miran"]
[Result "1-0"]
[WhiteElo "2622"]
[BlackElo "2454"]
[PlyCount "143"]
[EventDate "2017.10.21"]
[EventRounds "9"]
[EventCountry "RUS"]

1. e4 c5 2. Ne2 d6 3. g3 d5 4. Bg2 dxe4 5. Nbc3 e5 6. Nxe4 f5 7. N4c3 Nf6 8. d3
Bd6 9. Nd5 Nxd5 10. Bxd5 Qe7 11. Nc3 Be6 12. Bg5 Qd7 13. Qh5+ g6 14. Qf3 Nc6
15. Bxc6 Qxc6 16. Qxc6+ bxc6 17. O-O-O Bd5 18. Rhf1 Bf3 19. Rde1 Kf7 20. Be3
Rhb8 21. Na4 Rb5 22. b3 Rd8 23. c4 Ra5 24. Bd2 Ra6 25. h4 e4 26. dxe4 fxe4 27.
Be3 Ra5 28. Kc2 Bf8 29. Bd2 Ra6 30. Be3 Ra5 31. Bf4 Rd7 32. Bd2 Ra6 33. Bc3 h6
34. Re3 Rd8 35. Rfe1 g5 36. Rxe4 Bxe4+ 37. Rxe4 Be7 38. hxg5 hxg5 39. Re1 Bf6
40. Re2 Bxc3 41. Kxc3 Rd1 42. g4 Rg1 43. Nxc5 Rb6 44. Rd2 Rb8 45. Rd7+ Kg8 46.
Rxa7 Rf8 47. Nd3 Rxg4 48. Rc7 Rf6 49. a4 Rg1 50. a5 Ra1 51. Kb4 Rf3 52. Nc5
Rxf2 53. Rxc6 Kg7 54. Rd6 Rf6 55. Rd7+ Kh6 56. a6 g4 57. a7 g3 58. Rd3 Rb6+ 59.
Kc3 Rxa7 60. Rxg3 Kh5 61. b4 Ra3+ 62. Nb3 Rg6 63. Rd3 Kg5 64. b5 Kf5 65. Kb4
Ra8 66. Rd5+ Ke6 67. Nd4+ Ke7 68. Nc6+ Ke8 69. Kc5 Ra4 70. b6 Rg4 71. b7 Rgxc4+
72. Kb6  1-0

[Event "M.Chigorin Memorial 2017 "]
[Site "?????-?????????"]
[Date "2017.10.27"]
[Round "7"]
[Board "15"]
[White "Duzhakov, Ilya"]
[Black "Predke, Alexandr"]
[Result "0-1"]
[WhiteElo "2423"]
[BlackElo "2601"]
[PlyCount "64"]
[EventDate "2017.10.21"]
[EventRounds "9"]
[EventCountry "RUS"]

1. d4 e6 2. e4 c5 3. d5 exd5 4. exd5 d6 5. Be2 Nf6 6. Nf3 Be7 7. Nc3 O-O 8. O-O
Na6 9. h3 Nc7 10. Re1 b6 11. a4 a6 12. Bc4 Rb8 13. Qe2 Re8 14. Bf4 Qd7 15. Rad1
b5 16. axb5 axb5 17. Ba2 Bb7 18. Bg3 Ra8 19. Bb1 Bf8 20. Qd3 Rxe1+ 21. Rxe1 b4
22. Nd1 Ncxd5 23. c4 bxc3 24. Nxc3 Re8 25. Rd1 Nb4 26. Qb5 Bc6 27. Qb6 Bxf3 28.
gxf3 Qxh3 29. Bxd6 Re6 30. Qd8 Ne8 31. Ne4 Rh6 32. Ng3 Rxd6  0-1

[Event "M.Chigorin Memorial 2017 "]
[Site "?????-?????????"]
[Date "2017.10.27"]
[Round "7"]
[Board "16"]
[White "Kobalia, Mikhail"]
[Black "Vastrukhin, Oleg"]
[Result "1/2-1/2"]
[WhiteElo "2596"]
[BlackElo "2386"]
[PlyCount "84"]
[EventDate "2017.10.21"]
[EventRounds "9"]
[EventCountry "RUS"]

1. e4 e6 2. d4 d5 3. Nd2 c5 4. exd5 exd5 5. Ngf3 Nc6 6. Bb5 Bd6 7. O-O Nge7 8.
dxc5 Bxc5 9. Nb3 Bb6 10. Re1 O-O 11. Be3 Bf5 12. c3 Be4 13. Nbd4 Re8 14. Qa4
Qd6 15. Ng5 Qg6 16. Nxe4 dxe4 17. Nxc6 bxc6 18. Bf1 Nd5 19. Bxb6 axb6 20. Qd4
h5 21. g3 h4 22. a3 Rad8 23. Rad1 c5 24. Qa4 Nf6 25. Rxd8 Rxd8 26. Bg2 Re8 27.
Qc2 Qf5 28. h3 hxg3 29. fxg3 Qg5 30. Qf2 e3 31. Qf3 Nh5 32. Kh2 Re6 33. Re2 g6
34. a4 c4 35. Qg4 Qe5 36. Bf3 Rd6 37. Qh4 Rf6 38. Kg2 Kg7 39. Re1 Rd6 40. Re2
Rf6 41. Re1 Rd6 42. Re2 Rf6  1/2-1/2

[Event "M.Chigorin Memorial 2017 "]
[Site "?????-?????????"]
[Date "2017.10.27"]
[Round "7"]
[Board "17"]
[White "Liu, Yan"]
[Black "Savchenko, Boris"]
[Result "1-0"]
[WhiteElo "2422"]
[BlackElo "2585"]
[PlyCount "129"]
[EventDate "2017.10.21"]
[EventRounds "9"]
[EventCountry "RUS"]

1. d4 Nf6 2. Nf3 g6 3. c4 Bg7 4. g3 O-O 5. Bg2 d6 6. O-O Nc6 7. Nc3 a6 8. Bf4
Rb8 9. Rc1 Bg4 10. h3 Bxf3 11. Bxf3 Nd7 12. Be3 e5 13. Bxc6 bxc6 14. dxe5 Bxe5
15. b3 Re8 16. Bd4 Bxd4 17. Qxd4 Nc5 18. Rfd1 a5 19. Rc2 Qg5 20. Qf4 Qxf4 21.
gxf4 Rb4 22. e3 Ra8 23. Kg2 a4 24. Nxa4 Nxa4 25. bxa4 Raxa4 26. Rdc1 Kf8 27.
Kf3 Ke7 28. Ke2 Ke6 29. Kd3 Kf5 30. f3 Ra3+ 31. Ke2 Rba4 32. Ra1 f6 33. Kf2 Rd3
34. Rb1 Ra7 35. Rb8 h5 36. h4 Rda3 37. Re8 g5 38. fxg5 fxg5 39. Rf8+ Kg6 40.
Rg8+ Kh7 41. Rxg5 Kh6 42. f4 Rxa2 43. Rxa2 Rxa2+ 44. Kf3 Rh2 45. Rg8 Rxh4 46.
Rc8 c5 47. Rxc7 Rh3+ 48. Ke4 Rh1 49. Rd7 Rd1 50. Kf5 Rd3 51. Re7 d5 52. cxd5
Rxd5+ 53. Ke4 Rd6 54. Rc7 h4 55. Rxc5 Rg6 56. Rc8 Kh5 57. f5 Rg7 58. Kf4 Rg4+
59. Ke5 Ra4 60. Rg8 h3 61. e4 Ra7 62. Kf4 Rh7 63. Kg3 Ra7 64. Kxh3 Ra4 65. f6
 1-0

[Event "M.Chigorin Memorial 2017 "]
[Site "?????-?????????"]
[Date "2017.10.27"]
[Round "7"]
[Board "18"]
[White "Batchuluun, Tsegmed"]
[Black "Ovod, Evgenija"]
[Result "1-0"]
[WhiteElo "2571"]
[BlackElo "2379"]
[PlyCount "65"]
[EventDate "2017.10.21"]
[EventRounds "9"]
[EventCountry "RUS"]

1. d4 Nf6 2. c4 e6 3. Nf3 Bb4+ 4. Bd2 Bxd2+ 5. Qxd2 d5 6. Nc3 c6 7. e3 O-O 8.
Bd3 Nbd7 9. O-O Qc7 10. cxd5 exd5 11. b4 a6 12. a4 Re8 13. Qc2 Qd6 14. Rab1 Nf8
15. b5 axb5 16. axb5 Bg4 17. Nd2 Bh5 18. bxc6 bxc6 19. Na4 Ng4 20. Nf3 Nh6 21.
Ne5 f6 22. Nxc6 Ng4 23. g3 Bg6 24. Qc5 Qe6 25. Bxg6 Nxg6 26. Nb6 Ra6 27. Qb5
Rxb6 28. Qxb6 Qf5 29. Qc7 h5 30. Rb8 Rxb8 31. Qxb8+ Kh7 32. Qb1 Qf3 33. Ne7  1-0

[Event "M.Chigorin Memorial 2017 "]
[Site "?????-?????????"]
[Date "2017.10.27"]
[Round "7"]
[Board "19"]
[White "Levin, Evgeny A."]
[Black "Smirnov, Timofey"]
[Result "1/2-1/2"]
[WhiteElo "2545"]
[BlackElo "2294"]
[PlyCount "154"]
[EventDate "2017.10.21"]
[EventRounds "9"]
[EventCountry "RUS"]

1. d4 d5 2. c4 c6 3. Nf3 Nf6 4. e3 Bf5 5. Nc3 e6 6. Nh4 Be4 7. f3 Bg6 8. Qb3
Qc7 9. Bd2 Be7 10. O-O-O O-O 11. Nxg6 hxg6 12. Kb1 dxc4 13. Bxc4 b5 14. Be2 a6
15. Ne4 Nxe4 16. fxe4 c5 17. Qc2 Nd7 18. e5 Rac8 19. Rc1 Nb6 20. Qe4 Qd7 21. h4
cxd4 22. exd4 Rxc1+ 23. Bxc1 Rd8 24. Rd1 Qd5 25. Qg4 b4 26. h5 gxh5 27. Qxh5
Qe4+ 28. Bd3 Qh4 29. Qxh4 Bxh4 30. Bxa6 Bf2 31. Rf1 Bxd4 32. Rd1 f6 33. Bf4 Kf7
34. exf6 Bxf6 35. Rxd8 Bxd8 36. Kc2 Nd5 37. Bd2 Kf6 38. Bc4 Be7 39. Bxd5 exd5
40. Kb3 Kf5 41. Bxb4 Bxb4 42. Kxb4 Ke4 43. a4 d4 44. a5 d3 45. a6 d2 46. a7
d1=Q 47. a8=Q+ Kf5 48. Qc8+ Kg5 49. Qc3 Kh6 50. Qh3+ Kg6 51. Qe6+ Kh5 52. Qf5+
g5 53. Qh3+ Kg6 54. Qe6+ Kh5 55. Qe8+ Kh4 56. Qh8+ Kg4 57. Qc8+ Kg3 58. Qh3+
Kf4 59. g3+ Ke5 60. Qh8+ Ke4 61. Qh7+ Ke5 62. Qc7+ Ke4 63. Qc6+ Kf5 64. Qc8+
Ke5 65. Qc5+ Kf6 66. b3 g4 67. Qf8+ Ke6 68. Qe8+ Kf6 69. Qc6+ Kf5 70. Qc8+ Ke4
71. Qc3 Qd6+ 72. Ka5 Qd8+ 73. Ka4 Qa8+ 74. Kb4 Qf8+ 75. Ka4 Qa8+ 76. Kb4 Qf8+
77. Ka4 Qa8+  1/2-1/2

[Event "M.Chigorin Memorial 2017 "]
[Site "?????-?????????"]
[Date "2017.10.27"]
[Round "7"]
[Board "20"]
[White "Bryakin, Mikhail"]
[Black "Tsydypov, Zhamsaran"]
[Result "0-1"]
[WhiteElo "2391"]
[BlackElo "2529"]
[PlyCount "100"]
[EventDate "2017.10.21"]
[EventRounds "9"]
[EventCountry "RUS"]

1. d4 g6 2. Nf3 Bg7 3. g3 c5 4. c3 Qa5 5. Bg2 Nf6 6. O-O O-O 7. Nbd2 cxd4 8.
Nxd4 d5 9. e4 dxe4 10. Nxe4 Nxe4 11. Bxe4 e5 12. Nb3 Qc7 13. Be3 Nd7 14. Bg2
Nb6 15. Qe2 Be6 16. Rfd1 Rfd8 17. Rxd8+ Rxd8 18. Rd1 Rxd1+ 19. Qxd1 Nc4 20. Qe2
b6 21. Nc1 Qd6 22. b3 Nxe3 23. fxe3 h5 24. Qd3 Qc5 25. Ne2 Bh6 26. Kf2 b5 27.
Bb7 Kg7 28. Nc1 Bf5 29. Qd2 a5 30. b4 Qb6 31. Bg2 a4 32. Nd3 Qd6 33. Ke2 Be6
34. Nc5 Bc4+ 35. Ke1 Qxd2+ 36. Kxd2 a3 37. Bc6 f5 38. Kc2 Bxe3 39. Nb7 e4 40.
Nd6 Bd3+ 41. Kb3 Bg1 42. Nxb5 Bxh2 43. Nd4 Bxg3 44. Ne6+ Kh6 45. Nc5 Bb1 46.
Bb5 f4 47. Kxa3 f3 48. Kb2 e3 49. Kxb1 e2 50. Nd3 f2  0-1

[Event "M.Chigorin Memorial 2017 "]
[Site "?????-?????????"]
[Date "2017.10.27"]
[Round "7"]
[Board "21"]
[White "Geller, Jakov"]
[Black "Sukhareva, Evgeniya"]
[Result "1-0"]
[WhiteElo "2526"]
[BlackElo "2207"]
[PlyCount "82"]
[EventDate "2017.10.21"]
[EventRounds "9"]
[EventCountry "RUS"]

7... g6 8. Qe2 d6 9. O-O Qc7 10. Nc3 Nd7 11. Bd2 b6 12. Rae1 Bb7 13. f4 Ngf6
14. e5 Nh5 15. f5 Nxe5 16. fxe6 fxe6 17. Nd4 Qd7 18. Be4 O-O-O 19. Bxb7+ Kxb7
20. Nf3 Ka7 21. a4 Bf6 22. a5 b5 23. Ne4 Nxf3+ 24. Rxf3 Be5 25. Qf2+ Kb8 26.
Rf7 Qc6 27. Qa7+ Kc8 28. Ref1 d5 29. Ng5 Nf6 30. R1xf6 Bxf6 31. Rxf6 Rd7 32.
Rxe6 Rxa7 33. Rxc6+ Kd7 34. Rf6 Kc8 35. Be3 Rc7 36. Rxa6 Kd7 37. c3 Re8 38. Kf2
b4 39. Bd4 bxc3 40. bxc3 Rb7 41. Rb6 Rxb6 42. axb6 h6 43. Nf3 Re6 44. Ne5+ Kc8
45. Nd3 Rc6 46. Kf3 Rd6 47. Kf4 Re6 48. b7+  1-0

[Event "M.Chigorin Memorial 2017 "]
[Site "?????-?????????"]
[Date "2017.10.27"]
[Round "7"]
[Board "22"]
[White "Tsoi, Dmitry"]
[Black "Burmakin, Vladimir"]
[Result "0-1"]
[WhiteElo "2361"]
[BlackElo "2515"]
[PlyCount "80"]
[EventDate "2017.10.21"]
[EventRounds "9"]
[EventCountry "RUS"]

1. e4 c6 2. d3 d5 3. Nd2 g6 4. Ngf3 Bg7 5. Be2 Nd7 6. O-O Nh6 7. c3 O-O 8. Qc2
e5 9. d4 exd4 10. Nxd4 Re8 11. Re1 Nf6 12. exd5 Nxd5 13. N2f3 Nf5 14. Rd1 Nxd4
15. Nxd4 Qe7 16. Bf1 Bg4 17. f3 Bd7 18. Qf2 Rad8 19. Bd2 c5 20. Re1 Qd6 21. Nb3
b6 22. Bg5 Bf6 23. Bxf6 Qxf6 24. Nd2 Bf5 25. Rxe8+ Rxe8 26. Re1 Rd8 27. Ne4
Bxe4 28. Rxe4 Ne7 29. Qe3 Nf5 30. Re8+ Kg7 31. Qe1 Rxe8 32. Qxe8 Qd6 33. Qe2 h5
34. a3 h4 35. b4 cxb4 36. axb4 a5 37. bxa5 bxa5 38. c4 a4 39. Qb2+ Kh7 40. Qc3
Qc5+  0-1

[Event "M.Chigorin Memorial 2017 "]
[Site "?????-?????????"]
[Date "2017.10.27"]
[Round "7"]
[Board "23"]
[White "Mkrtchyan, Sargis R."]
[Black "Vakhidov, Jakhongir"]
[Result "1/2-1/2"]
[WhiteElo "2145"]
[BlackElo "2498"]
[PlyCount "131"]
[EventDate "2017.10.21"]
[EventRounds "9"]
[EventCountry "RUS"]

1. d4 d6 2. Nf3 g6 3. g3 Bg7 4. Bg2 Nf6 5. O-O O-O 6. b3 a5 7. Bb2 c6 8. c4 Bf5
9. Re1 Na6 10. Nc3 Nc7 11. d5 cxd5 12. Nxd5 Nfxd5 13. Bxg7 Ne3 14. fxe3 Kxg7
15. Nd4 Bc8 16. Qd2 Na6 17. Red1 Nc5 18. a3 Qb6 19. b4 axb4 20. axb4 Rxa1 21.
Rxa1 Na6 22. Nb5 Kg8 23. Kf2 d5 24. Qd4 Qxd4 25. Nxd4 dxc4 26. b5 Nc5 27. Rc1
Bd7 28. Rxc4 Rc8 29. Rb4 e5 30. Nb3 b6 31. Nd2 Be6 32. Bc6 Rd8 33. Ne4 Nb3 34.
Ng5 Nc5 35. Ne4 Nb3 36. Ng5 Na5 37. Nxe6 fxe6 38. Re4 Kf7 39. Rxe5 Nxc6 40.
bxc6 Rc8 41. Kf3 Rxc6 42. Rb5 Ke7 43. e4 Kd6 44. Kf4 Kc7 45. Rb2 Rc5 46. h4 b5
47. g4 Kb6 48. e5 h6 49. Rd2 b4 50. Rd6+ Rc6 51. Rd8 Kb5 52. Ke3 b3 53. Kd3 b2
54. Rb8+ Rb6 55. Rxb6+ Kxb6 56. Kc2 Kc5 57. g5 h5 58. Kxb2 Kd4 59. Kc2 Ke3 60.
Kd1 Kf4 61. Kd2 Kg4 62. Ke3 Kxh4 63. Kf4 Kh3 64. Kf3 Kh2 65. Kf2 Kh1 66. Kf1
 1/2-1/2

[Event "M.Chigorin Memorial 2017 "]
[Site "?????-?????????"]
[Date "2017.10.27"]
[Round "7"]
[Board "24"]
[White "Shubin, Kirill"]
[Black "Sakaev, Konstantin"]
[Result "0-1"]
[WhiteElo "2359"]
[BlackElo "2594"]
[PlyCount "38"]
[EventDate "2017.10.21"]
[EventRounds "9"]
[EventCountry "RUS"]

1. e4 c5 2. Nf3 d6 3. d4 cxd4 4. Nxd4 Nf6 5. Nc3 a6 6. Be3 e5 7. Nb3 Be6 8. h3
Be7 9. f4 b5 10. f5 Bc8 11. Qf3 Nbd7 12. a3 Bb7 13. O-O-O Rc8 14. Bd3 Rxc3 15.
bxc3 Qc7 16. Bd2 O-O 17. Rhe1 d5 18. exd5 Nxd5 19. Qg3 Bxa3+  0-1

[Event "M.Chigorin Memorial 2017 "]
[Site "?????-?????????"]
[Date "2017.10.27"]
[Round "7"]
[Board "25"]
[White "Nesterov, Arseniy"]
[Black "Boruchovsky, Avital"]
[Result "0-1"]
[WhiteElo "2350"]
[BlackElo "2565"]
[PlyCount "74"]
[EventDate "2017.10.21"]
[EventRounds "9"]
[EventCountry "RUS"]

1. d4 d5 2. c4 e6 3. Nc3 Nf6 4. cxd5 exd5 5. Bg5 c6 6. e3 Be7 7. Qc2 Nbd7 8.
Bd3 O-O 9. Nge2 Re8 10. O-O Nf8 11. f3 g6 12. Rad1 Ne6 13. Bh4 b5 14. Kh1 Bb7
15. Bf2 b4 16. Na4 Rc8 17. e4 Qa5 18. e5 Nd7 19. f4 c5 20. Nxc5 Bxc5 21. dxc5
Nexc5 22. Nd4 Nxd3 23. Qxd3 Ba6 24. Qh3 Bxf1 25. Qxd7 Qa6 26. Bh4 Rf8 27. Qh3
Bd3 28. Bf6 h5 29. g4 Be4+ 30. Kg1 Qb6 31. gxh5 Rc1 32. Rxc1 Qxd4+ 33. Kf1 Bd3+
34. Ke1 Qe4+ 35. Kf2 Qxf4+ 36. Qf3 Qxc1 37. hxg6 Qf1+  0-1

[Event "M.Chigorin Memorial 2017 "]
[Site "?????-?????????"]
[Date "2017.10.27"]
[Round "7"]
[Board "26"]
[White "Lintchevski, Daniil"]
[Black "Ahmadzada, Ahmad"]
[Result "1-0"]
[WhiteElo "2560"]
[BlackElo "2345"]
[PlyCount "97"]
[EventDate "2017.10.21"]
[EventRounds "9"]
[EventCountry "RUS"]

1. Nf3 Nf6 2. c4 c5 3. Nc3 b6 4. e4 d6 5. d4 cxd4 6. Nxd4 Bb7 7. Bd3 e6 8. O-O
Be7 9. Qe2 O-O 10. f4 Nbd7 11. Bd2 Nc5 12. Bc2 d5 13. cxd5 exd5 14. e5 Nfe4 15.
Nxe4 dxe4 16. Nf5 Bc8 17. Nxe7+ Qxe7 18. Qe3 Ba6 19. Rfd1 Nd3 20. Bc3 Qc5 21.
Qxc5 bxc5 22. Bxd3 Bxd3 23. Kf2 f5 24. exf6 gxf6 25. Re1 Rac8 26. Re3 Rc7 27.
Rh3 Rg7 28. Rh5 c4 29. Re1 Rg4 30. Ra5 Rf7 31. g3 f5 32. Bd4 Rg6 33. Bxa7 c3
34. b3 e3+ 35. Bxe3 Rd7 36. Rc5 c2 37. a4 Be4 38. b4 Rd1 39. b5 Rh6 40. h4 Rhd6
41. Rc3 Rb1 42. Rc1 Rd1 43. R3xc2 Bxc2 44. Rxc2 Ra1 45. Rb2 Rxa4 46. b6 Rd8 47.
b7 Rb8 48. Bc5 Ra6 49. Bd4  1-0

[Event "M.Chigorin Memorial 2017 "]
[Site "?????-?????????"]
[Date "2017.10.27"]
[Round "7"]
[Board "27"]
[White "Mirzoev, Azer"]
[Black "Schekachikhin, Maksim"]
[Result "1/2-1/2"]
[WhiteElo "2555"]
[BlackElo "2348"]
[PlyCount "68"]
[EventDate "2017.10.21"]
[EventRounds "9"]
[EventCountry "RUS"]

1. d4 d5 2. c4 c6 3. Nf3 Nf6 4. e3 Bf5 5. Nc3 e6 6. Qb3 Qc7 7. Nh4 Be4 8. f3
Bg6 9. Bd2 Be7 10. O-O-O dxc4 11. Bxc4 b5 12. Be2 Nbd7 13. Nxg6 hxg6 14. f4 a6
15. Bf3 Rc8 16. Kb1 c5 17. d5 c4 18. Qc2 exd5 19. Nxd5 Nxd5 20. Bxd5 a5 21. Bc3
Bf6 22. Qe4+ Kf8 23. Qc2 Bxc3 24. Qxc3 Nb6 25. Bf3 b4 26. Qd4 c3 27. bxc3 Na4
28. Qd6+ Qxd6 29. Rxd6 Ke7 30. Ra6 Nxc3+ 31. Kb2 Na4+ 32. Kb1 Nc3+ 33. Kb2 Na4+
34. Kb1 Nc3+  1/2-1/2

[Event "M.Chigorin Memorial 2017 "]
[Site "?????-?????????"]
[Date "2017.10.27"]
[Round "7"]
[Board "28"]
[White "Aliyev, Ravan"]
[Black "Ismagambetov, Anuar"]
[Result "0-1"]
[WhiteElo "2341"]
[BlackElo "2553"]
[PlyCount "126"]
[EventDate "2017.10.21"]
[EventRounds "9"]
[EventCountry "RUS"]

1. d4 Nf6 2. c4 g6 3. Nc3 Bg7 4. e4 d6 5. f4 O-O 6. Nf3 c5 7. d5 e6 8. Be2 exd5
9. cxd5 Bg4 10. e5 Ne8 11. Ng5 Bc8 12. e6 fxe6 13. dxe6 Nc7 14. Bc4 Bxc3+ 15.
bxc3 d5 16. Bb3 c4 17. Bc2 Nxe6 18. Nxe6 Bxe6 19. O-O Nc6 20. Be3 b5 21. Bc5
Rf6 22. Rb1 a6 23. Qd2 Qd7 24. a4 Rb8 25. axb5 axb5 26. Rbd1 Rf7 27. h3 Rd8 28.
g4 Rg7 29. Qe3 Re8 30. f5 gxf5 31. Bxf5 Bxf5 32. Rxf5 Rxg4+ 33. hxg4 Rxe3 34.
Bxe3 Ne7 35. Rg5+ Ng6 36. Rdxd5 Qe7 37. Bd4 Qe1+ 38. Kg2 Qe2+ 39. Kg3 Qe1+ 40.
Kg2 Kf7 41. Rdf5+ Ke6 42. Rxg6+ hxg6 43. Rxb5 Qd2+ 44. Kg3 g5 45. Re5+ Kd7 46.
Re3 Qc1 47. Rf3 Qh1 48. Kf2 Qh2+ 49. Ke3 Qg1+ 50. Ke2 Qxg4 51. Kf2 Qh4+ 52. Kg2
g4 53. Rg3 Qg5 54. Bf2 Qf4 55. Re3 Kc6 56. Re6+ Kb5 57. Re3 Ka4 58. Rg3 Kb3 59.
Bd4 Kc2 60. Bf2 Kd2 61. Bd4 Ke2 62. Ba7 Qe4+ 63. Kg1 Qb1+  0-1

[Event "M.Chigorin Memorial 2017 "]
[Site "?????-?????????"]
[Date "2017.10.27"]
[Round "7"]
[Board "29"]
[White "Karasev, Vladimir I"]
[Black "Steinberg, Nitzan"]
[Result "0-1"]
[WhiteElo "2339"]
[BlackElo "2524"]
[PlyCount "112"]
[EventDate "2017.10.21"]
[EventRounds "9"]
[EventCountry "RUS"]

1. d4 d5 2. c4 c6 3. cxd5 cxd5 4. Nc3 Nc6 5. Bf4 Nf6 6. e3 Bg4 7. Be2 Bxe2 8.
Ngxe2 e6 9. O-O Be7 10. h3 O-O 11. Nc1 Ne4 12. Nxe4 dxe4 13. Ne2 Nb4 14. Nc3 f5
15. f3 g5 16. Be5 exf3 17. Qxf3 Qd7 18. Rad1 Rad8 19. a3 Nd5 20. Nxd5 Qxd5 21.
Qxd5 Rxd5 22. Rc1 Bd8 23. Rc8 a5 24. a4 Bb6 25. Rxf8+ Kxf8 26. g4 f4 27. exf4
Bxd4+ 28. Bxd4 Rxd4 29. fxg5+ Kg7 30. Rf6 Rxa4 31. Rxe6 Rb4 32. Re2 Kg6 33. Kg2
b5 34. Kg3 Kxg5 35. h4+ Kg6 36. h5+ Kg5 37. Re5+ Kf6 38. Rf5+ Kg7 39. Rf2 h6
40. Rd2 a4 41. Kh4 Kf7 42. Rd7+ Ke8 43. Rh7 Rxb2 44. Rxh6 a3 45. Ra6 b4 46. h6
Rh2+ 47. Kg5 a2 48. h7 b3 49. Ra8+ Ke7 50. Ra7+ Kd6 51. Ra6+ Kc7 52. Ra7+ Kb6
53. Ra3 Kc5 54. Ra5+ Kb4 55. Ra7 Rxh7 56. Rxh7 a1=Q  0-1

[Event "M.Chigorin Memorial 2017 "]
[Site "?????-?????????"]
[Date "2017.10.27"]
[Round "7"]
[Board "30"]
[White "Golubov, Saveliy"]
[Black "Vaishali, R"]
[Result "0-1"]
[WhiteElo "2501"]
[BlackElo "2330"]
[PlyCount "100"]
[EventDate "2017.10.21"]
[EventRounds "9"]
[EventCountry "RUS"]

1. c4 e5 2. Nc3 Nf6 3. Nf3 Nc6 4. g3 d5 5. cxd5 Nxd5 6. d3 Nb6 7. Bg2 Be7 8.
O-O O-O 9. a3 Re8 10. b4 a5 11. b5 Nd4 12. Nd2 a4 13. Rb1 Bf8 14. Bb2 Ra5 15.
Nc4 Nxc4 16. dxc4 Be6 17. Qd3 c6 18. Rfd1 Qc7 19. bxc6 bxc6 20. Ne4 f6 21. f4
Bg4 22. fxe5 Nxe2+ 23. Kh1 fxe5 24. Re1 Rd8 25. Qe3 Nd4 26. Rf1 h6 27. Bc3 Raa8
28. c5 Bf5 29. g4 Bg6 30. g5 h5 31. Rb2 Rab8 32. Bb4 Nf5 33. Qh3 Qc8 34. Rbf2
Ne7 35. Qg3 Nd5 36. Nd6 Bxd6 37. cxd6 Nxb4 38. axb4 Rxd6 39. Qxe5 Qe6 40. Qa5
Qb3 41. Qc7 Rbd8 42. b5 Qxb5 43. Qe7 Kh7 44. Rf6 Rd1 45. R6f4 Rxf1+ 46. Rxf1
Rd2 47. Qe6 a3 48. h4 Qb4 49. Rf7 Qxh4+ 50. Kg1 Rd1+  0-1

[Event "M.Chigorin Memorial 2017 "]
[Site "?????-?????????"]
[Date "2017.10.27"]
[Round "7"]
[Board "31"]
[White "Soffer, Ram"]
[Black "Soumya, Swaminathan"]
[Result "0-1"]
[WhiteElo "2500"]
[BlackElo "2320"]
[PlyCount "140"]
[EventDate "2017.10.21"]
[EventRounds "9"]
[EventCountry "RUS"]

1. e4 c5 2. Nf3 Nc6 3. Bb5 e6 4. Bxc6 bxc6 5. b3 Ne7 6. Bb2 Ng6 7. h4 h5 8. e5
f6 9. Qe2 d6 10. exd6 Bxd6 11. Qe4 Kf7 12. Na3 Rb8 13. Nc4 Be7 14. O-O-O Qd5
15. d3 Ba6 16. Nfd2 Rhd8 17. g3 Qxe4 18. Nxe4 Nf8 19. Ba3 Nd7 20. Rhe1 Kg8 21.
f4 Bf8 22. Ned6 e5 23. fxe5 Nxe5 24. Nxe5 Rxd6 25. Ng6 Rd7 26. Nxf8 Kxf8 27.
Re6 Rc8 28. Bxc5+ Kf7 29. Rde1 Rcc7 30. a4 Kg6 31. Kb2 Rf7 32. Bd6 Rcd7 33. Bf4
Bb7 34. Bb8 a6 35. Kc3 Kf5 36. R6e4 Kg6 37. Ba7 Rd5 38. Re7 Bc8 39. Kc4 Bf5 40.
Rxf7 Kxf7 41. Kb4 g5 42. Re2 Be6 43. d4 a5+ 44. Kc3 Rf5 45. Re3 gxh4 46. gxh4
Rf4 47. Bb6 Rxh4 48. Bxa5 Rh2 49. Bc7 Rg2 50. Kb2 h4 51. a5 Rg8 52. Rf3 Ke7 53.
Rf4 Rc8 54. Bb6 Rh8 55. Rf2 Kd7 56. a6 h3 57. a7 Bd5 58. Rh2 Bg2 59. Kc1 f5 60.
Kd2 Re8 61. c4 f4 62. d5 cxd5 63. cxd5 Kd6 64. b4 Kxd5 65. Bc7 f3 66. Bb8 Re2+
67. Kc3 Ra2 68. Kb3 Ra1 69. Kb2 Ra6 70. b5 Ra5  0-1

[Event "M.Chigorin Memorial 2017 "]
[Site "?????-?????????"]
[Date "2017.10.27"]
[Round "7"]
[Board "32"]
[White "Payen, Arnaud"]
[Black "Kharchenko, Boris"]
[Result "0-1"]
[WhiteElo "2335"]
[BlackElo "2477"]
[PlyCount "134"]
[EventDate "2017.10.21"]
[EventRounds "9"]
[EventCountry "RUS"]

1. e4 e5 2. Nf3 Nc6 3. Nc3 Nf6 4. Bc4 Nxe4 5. O-O Nd6 6. Bb3 Be7 7. d4 e4 8.
Ne5 O-O 9. Re1 Na5 10. Bd5 c6 11. Bxe4 Nxe4 12. Nxe4 d6 13. Nf3 d5 14. Ng3 Nc4
15. b3 Nd6 16. Qd3 Re8 17. Bf4 Bf8 18. Rxe8 Qxe8 19. Re1 Qd8 20. h4 f6 21. h5
Bg4 22. Nh4 Ne4 23. Nxe4 dxe4 24. Qxe4 Bxh5 25. Nf5 Qd7 26. Qd3 Rd8 27. c3 Bf7
28. Re3 Be6 29. g4 c5 30. Qe4 Bxf5 31. gxf5 cxd4 32. Rd3 Re8 33. Qxd4 Qxf5 34.
Qd5+ Qxd5 35. Rxd5 g5 36. Be3 a6 37. Bd4 Kf7 38. a4 Ke6 39. c4 Be7 40. Bb6 Bd6
41. Kg2 h5 42. f3 Re7 43. Bd8 Rd7 44. Bb6 Be5 45. Rxd7 Kxd7 46. b4 Ke6 47. Be3
Kd7 48. b5 Ke6 49. Kh3 Bc3 50. Kg3 Be1+ 51. Kh3 Bc3 52. Kg3 Ke5 53. c5 axb5 54.
axb5 Kd5 55. f4 Be1+ 56. Kf3 g4+ 57. Ke2 Bb4 58. c6 bxc6 59. b6 Bd6 60. b7 Ke4
61. Ba7 Kxf4 62. b8=Q Bxb8 63. Bxb8+ Ke4 64. Kf2 c5 65. Kg3 c4 66. Bf4 c3 67.
Bh6 c2  0-1

[Event "M.Chigorin Memorial 2017 "]
[Site "?????-?????????"]
[Date "2017.10.27"]
[Round "7"]
[Board "33"]
[White "Timerkhanov, Alexander"]
[Black "Usmanov, Vasily"]
[Result "0-1"]
[WhiteElo "2312"]
[BlackElo "2463"]
[PlyCount "76"]
[EventDate "2017.10.21"]
[EventRounds "9"]
[EventCountry "RUS"]

1. c4 e5 2. Nc3 Nc6 3. g3 d6 4. Bg2 f5 5. e3 Nf6 6. Nge2 g6 7. a3 Bg7 8. d4 O-O
9. b4 Ne7 10. b5 a6 11. Qb3 Be6 12. dxe5 dxe5 13. Bb2 Nd7 14. Rd1 axb5 15. Nxb5
c6 16. Nd6 Qc7 17. Qb4 Rfb8 18. O-O Qa5 19. Nc1 Qxb4 20. axb4 Nb6 21. c5 Na4
22. Nd3 Nxb2 23. Nxb2 e4 24. Nbc4 Ra4 25. Rb1 Nd5 26. f3 Nc3 27. Nb6 Ra2 28.
Rbe1 Rb2 29. fxe4 fxe4 30. b5 cxb5 31. Nxe4 Rxg2+ 32. Kxg2 Nxe4 33. Rf4 Nxc5
34. Rb1 Nd3 35. Rff1 b4 36. e4 Rd8 37. Rfd1 Bh3+ 38. Kf3 Bg4+  0-1

[Event "M.Chigorin Memorial 2017 "]
[Site "?????-?????????"]
[Date "2017.10.27"]
[Round "7"]
[Board "34"]
[White "Zakhartsov, Vladimir"]
[Black "Donskov, Anatoly"]
[Result "1-0"]
[WhiteElo "2461"]
[BlackElo "2308"]
[PlyCount "62"]
[EventDate "2017.10.21"]
[EventRounds "9"]
[EventCountry "RUS"]

1. d4 Nf6 2. c4 e6 3. Nf3 b6 4. a3 Ba6 5. Qc2 Bb7 6. Nc3 c5 7. e4 cxd4 8. Nxd4
d6 9. Be2 Be7 10. Be3 Nc6 11. Rd1 Ne5 12. f4 Neg4 13. Bc1 a6 14. Qa4+ b5 15.
cxb5 O-O 16. bxa6 e5 17. Nf5 exf4 18. Bxf4 Re8 19. Nxe7+ Qxe7 20. Bxd6 Qe6 21.
O-O Bxe4 22. Nxe4 Nxe4 23. Bc4 Qh6 24. Bxf7+ Kh8 25. Bf4 g5 26. Qd4+ Nef6 27.
Bxe8 gxf4 28. Qxf4 Qg7 29. Bc6 Rc8 30. h3 Rxc6 31. Rd8+ Ng8  1-0

[Event "M.Chigorin Memorial 2017 "]
[Site "?????-?????????"]
[Date "2017.10.27"]
[Round "7"]
[Board "35"]
[White "Solozhenkin, Evgeniy"]
[Black "Konaplev, Anton"]
[Result "1-0"]
[WhiteElo "2459"]
[BlackElo "2298"]
[PlyCount "81"]
[EventDate "2017.10.21"]
[EventRounds "9"]
[EventCountry "RUS"]

1. e4 e6 2. d4 d5 3. Nc3 Bb4 4. e5 c5 5. Bd2 Ne7 6. Nb5 Bxd2+ 7. Qxd2 O-O 8.
dxc5 Nd7 9. Qc3 f6 10. Nf3 fxe5 11. Nxe5 Nxe5 12. Qxe5 Nc6 13. Qc3 Bd7 14. Be2
a6 15. Nd6 b6 16. O-O Qc7 17. a3 Ne7 18. b4 Nc8 19. Nxc8 Rfxc8 20. Qh3 bxc5 21.
bxc5 Qxc5 22. Bd3 g6 23. Qg3 Qc7 24. f4 Bb5 25. Rae1 Re8 26. h4 Qc5+ 27. Re3
Bxd3 28. cxd3 Qxa3 29. h5 Kf7 30. Qh3 Qc5 31. Kh2 Qd4 32. Re5 Rab8 33. Rf3 gxh5
34. Qxh5+ Ke7 35. Qh6 Kd7 36. Rfe3 Rb6 37. f5 Rd6 38. f6 Rc8 39. f7 Ke7 40.
Rxe6+ Rxe6 41. Qxe6+  1-0